[Event "IV Weekend A"]
[Site "Ceriano Laghetto ITA"]
[Date "1995.02.??"]
[Round "5"]
[White "Cappello, Guido"]
[Black "Rossi, Giampiero"]
[Result "1-0"]
[WhiteElo "2235"]
[BlackElo "2145"]
[PlyCount "89"]
[EventDate "1995.02.04"]

1. e4 c5 2. d4 cxd4 3. c3 dxc3 4. Nxc3 Nc6 5. Bc4 g6 6. Nf3 Bg7 7. Qd5 e6 8.
Qd3 a6 9. O-O Na5 10. Bf4 Nxc4 11. Qxc4 b5 12. Qb4 Ne7 13. Bd6 Nc6 14. Qc5 f6
15. h4 Kf7 16. h5 Re8 17. Rad1 Bb7 18. Qe3 Rc8 19. Ne2 Na5 20. b3 Bc6 21. Qf4
Kg8 22. hxg6 hxg6 23. Ng3 Nb7 24. Qg4 g5 25. Bb4 a5 26. Bd2 Qe7 27. Be3 Qf7 28.
Nd4 Nd8 29. f4 f5 30. exf5 exf5 31. Ndxf5 Qg6 32. fxg5 Nf7 33. Nh5 Bh8 34. Nf4
Qxg5 35. Qxg5+ Nxg5 36. Nd6 Rxe3 37. Nxc8 a4 38. Nd5 Rg3 39. Nde7+ Kh7 40. Nxc6
dxc6 41. Rd7+ Bg7 42. Ne7 Ne6 43. Nf5 Rg4 44. bxa4 Rxa4 45. Re7 1-0

[Event "IV Weekend A"]
[Site "Ceriano Laghetto ITA"]
[Date "1995.02.??"]
[Round "5"]
[White "Duarte, Riccardo"]
[Black "Marinescu, Marian"]
[Result "0-1"]
[WhiteElo "2030"]
[BlackElo "1944"]
[PlyCount "114"]
[EventDate "1995.02.04"]

1. e4 c5 2. f4 Nc6 3. Nf3 g6 4. c3 d5 5. exd5 Qxd5 6. Bb5 Bg4 7. O-O Nf6 8. d3
Bg7 9. Bc4 Qd6 10. Qb3 O-O 11. Qxb7 Rab8 12. Qa6 Nh5 13. Ng5 Rb6 14. Qa4 Bf5
15. Ne4 Bxe4 16. dxe4 g5 17. e5 Qc7 18. e6 Nxf4 19. exf7+ Kh8 20. Qc2 Ne5 21.
Bxf4 gxf4 22. Bd5 Ng4 23. Rf3 Ne3 24. Qe4 Qe5 25. b3 Qxd5 26. Rxe3 Qxf7 27. Re1
f3 28. gxf3 Qxf3 29. Qxf3 Rxf3 30. Nd2 Rg6+ 31. Kh1 Rd3 32. Ne4 Be5 33. Nxc5
Rd5 34. Ne4 Bxh2 35. Re2 Bf4 36. Rg2 Rh5+ 37. Kg1 Be3+ 38. Nf2 Rgh6 39. Kf1 Rf5
40. Ke2 Re6 41. Ng4 Bb6+ 42. Kd3 Rg5 43. Rh1 h5 44. Rhh2 Reg6 45. Re2 Rxg4 46.
Rxh5+ Kg7 47. Rxe7+ Kf6 48. Rhe5 Rg7 49. R7e6+ Kf7 50. Re7+ Kg8 51. Re8+ Kh7
52. Rh5+ Kg6 53. Rhe5 Rf4 54. R5e6+ Kh7 55. Re2 Rd7+ 56. Kc2 Rf2 57. Rxf2 57...
Bxf2 {...} 0-1

[Event "IV Weekend A"]
[Site "Ceriano Laghetto ITA"]
[Date "1995.02.??"]
[Round "5"]
[White "Gazzarri, Alberto"]
[Black "Barlocco, Carlo"]
[Result "1/2-1/2"]
[WhiteElo "2210"]
[BlackElo "2235"]
[PlyCount "29"]
[EventDate "1995.02.04"]

1. e4 e6 2. d4 d5 3. e5 c5 4. c3 Nc6 5. Nf3 Bd7 6. dxc5 Qc7 7. Bd3 Nxe5 8. Nxe5
Qxe5+ 9. Be3 Bxc5 10. Qe2 Bxe3 11. fxe3 Nf6 12. Nd2 Qd6 13. O-O O-O 14. Rxf6
gxf6 15. Bxh7+ 1/2-1/2

[Event "IV Weekend A"]
[Site "Ceriano Laghetto ITA"]
[Date "1995.02.??"]
[Round "5"]
[White "Nurkic, Sahbaz"]
[Black "Agostani, Andrea"]
[Result "1/2-1/2"]
[WhiteElo "2450"]
[BlackElo "1954"]
[PlyCount "60"]
[EventDate "1995.02.04"]

1. e4 Nf6 2. e5 Nd5 3. c4 Nb6 4. c5 Nd5 5. Bc4 e6 6. Qg4 Nb4 7. Na3 b6 8. d4
Ba6 9. Bxa6 N8xa6 10. Bg5 Be7 11. Be3 g6 12. Rd1 Nd5 13. cxb6 Nxe3 14. fxe3
Bb4+ 15. Kf2 Bxa3 16. bxa3 h5 17. Qf4 g5 18. Qf3 axb6 19. Ne2 f5 20. Rhf1 g4
21. Qf4 d5 22. e4 dxe4 23. Kg1 c6 24. d5 cxd5 25. Nd4 Qd7 26. Qg5 Nc5 27. Rb1
Qe7 28. Qg6+ Qf7 29. Qg5 Qe7 30. Qg6+ Qf7 1/2-1/2

[Event "IV Weekend A"]
[Site "Ceriano Laghetto ITA"]
[Date "1995.02.??"]
[Round "5"]
[White "Piantoni, Roberto"]
[Black "Caloni, Ugo"]
[Result "1-0"]
[WhiteElo "2067"]
[BlackElo "1902"]
[PlyCount "57"]
[EventDate "1995.02.04"]

1. d4 Nf6 2. Nf3 g6 3. e3 Bg7 4. Be2 O-O 5. O-O b6 6. Nbd2 Bb7 7. b3 d6 8. Bb2
Nbd7 9. Re1 Re8 10. a4 e5 11. dxe5 Nxe5 12. a5 Nfd7 13. Nxe5 Nxe5 14. a6 Bc6
15. Bd4 Rc8 16. f4 Nd7 17. Bxg7 Kxg7 18. Bf3 d5 19. Nc4 Nf6 20. Ne5 Ba8 21. Qd4
c5 22. Qb2 Kg8 23. Rad1 Qe7 24. c4 Red8 25. cxd5 Nxd5 26. Bxd5 Rxd5 27. Rxd5
Bxd5 28. Ng4 Be6 29. Nh6+ 1-0

[Event "IV Weekend A"]
[Site "Ceriano Laghetto ITA"]
[Date "1995.02.??"]
[Round "6"]
[White "Agostani, Andrea"]
[Black "Cappello, Guido"]
[Result "1-0"]
[WhiteElo "1954"]
[BlackElo "2235"]
[PlyCount "127"]
[EventDate "1995.02.04"]

1. d4 d5 2. c4 Bf5 3. Qb3 Bxb1 4. Rxb1 dxc4 5. Qxb7 Nd7 6. Bd2 e5 7. e3 exd4 8.
Qe4+ Be7 9. Qxd4 Ngf6 10. Bxc4 O-O 11. Nf3 c5 12. Qd3 Qc7 13. Qf5 g6 14. Qc2
Bd6 15. O-O Rae8 16. Bd3 Ne5 17. Nxe5 Bxe5 18. h3 Nd5 19. Be4 Nb6 20. Bf3 Qe7
21. Bc3 Bb8 22. Rfd1 h5 23. a4 Qc7 24. a5 Nc8 25. Bf6 Nd6 26. Rd5 Re6 27. Be5
Rfe8 28. Bf4 Qe7 29. Qxc5 Qf6 30. Qd4 Qe7 31. Rd1 Nf5 32. Qa4 Nh4 33. Qxe8+
Qxe8 34. Rd8 Nxf3+ 35. gxf3 Bxf4 36. Rxe8+ Rxe8 37. exf4 Rb8 38. Rd7 Rxb2 39.
Rxa7 Kg7 40. f5 g5 41. a6 Rb5 42. Rb7 Rxf5 43. a7 Ra5 44. Kg2 Kg6 45. h4 gxh4
46. Kh3 Ra4 47. f4 f6 48. f3 Ra3 49. Kxh4 Kf5 50. Kxh5 Kxf4 51. Kg6 Ra6 52. Rb6
Rxa7 53. Rxf6+ Kg3 54. f4 Kg4 55. f5 Ra5 56. Rf8 Rb5 57. f6 Rg5+ 58. Kf7 Ra5
59. Rb8 Kf4 60. Rb6 Ra1 61. Rb5 Rg1 62. Ke7 Re1+ 63. Kf8 Re6 64. f7 1-0

[Event "IV Weekend A"]
[Site "Ceriano Laghetto ITA"]
[Date "1995.02.??"]
[Round "6"]
[White "Barlocco, Carlo"]
[Black "Rossi, Giampiero"]
[Result "0-1"]
[WhiteElo "2235"]
[BlackElo "2145"]
[PlyCount "122"]
[EventDate "1995.02.04"]

1. e4 c5 2. Nf3 e6 3. c3 d5 4. e5 d4 5. cxd4 cxd4 6. Bb5+ Bd7 7. Nxd4 Bxb5 8.
Nxb5 Qa5 9. Qe2 Nc6 10. O-O a6 11. N5a3 Qxe5 12. Qxe5 Nxe5 13. d4 Nc6 14. Be3
Nf6 15. Nc3 Bxa3 16. bxa3 O-O 17. a4 Rfd8 18. Ne2 Nd5 19. Rab1 Rd7 20. Rb2 Rc8
21. Rfb1 Na5 22. g4 h6 23. h3 Rc4 24. Nc1 Rxa4 25. Nd3 b6 26. Rc2 Nc4 27. Nb2
Nxb2 28. Rbxb2 b5 29. Kf1 Rc7 30. Rxc7 Nxc7 31. Rc2 Nd5 32. h4 Kf8 33. Ke2 Rxa2
34. Rxa2 Nc3+ 35. Kd3 Nxa2 36. Bd2 Ke7 37. Kc2 b4 38. Kb3 Nc3 39. Kxb4 Ne4 40.
Be1 Kd6 41. f3 Nf6 42. Ka5 Kd5 43. Bf2 Kc4 44. Kxa6 Kd3 45. g5 hxg5 46. hxg5
Nd5 47. Kb7 Ke2 48. g6 f6 49. Bg3 Kxf3 50. Bd6 Kg4 51. Bf8 Kg5 52. Bxg7 Kxg6
53. Bf8 f5 54. Bd6 f4 55. Kc6 Kf5 56. Kd7 f3 57. Bg3 Nf6+ 58. Kc6 Ne4 59. Be1
Ng5 60. Kd6 Ke4 61. Ke7 Kd5 0-1

[Event "IV Weekend A"]
[Site "Ceriano Laghetto ITA"]
[Date "1995.02.??"]
[Round "6"]
[White "Bellini, Fabio"]
[Black "Piantoni, Roberto"]
[Result "1-0"]
[WhiteElo "2350"]
[BlackElo "2067"]
[PlyCount "55"]
[EventDate "1995.02.04"]

1. e4 e6 2. d4 d5 3. e5 c5 4. c3 Ne7 5. Nf3 Nec6 6. Bd3 Nd7 7. O-O Be7 8. Re1
Qb6 9. dxc5 Nxc5 10. Bc2 Qc7 11. Bf4 a6 12. Nbd2 Nd7 13. Qe2 h6 14. h4 Nb6 15.
Rac1 Na5 16. Bd3 Bd7 17. b3 Rd8 18. h5 Qc8 19. Nd4 Nc6 20. Qg4 Kf8 21. N2f3 Be8
22. Nh4 Nxd4 23. cxd4 Bc6 24. Bd2 Qd7 25. Ba5 Nc8 26. Bxd8 Bxd8 27. Re3 Kg8 28.
Rg3 1-0

[Event "IV Weekend A"]
[Site "Ceriano Laghetto ITA"]
[Date "1995.02.??"]
[Round "6"]
[White "Caloni, Ugo"]
[Black "Duarte, Riccardo"]
[Result "1-0"]
[WhiteElo "1902"]
[BlackElo "2030"]
[PlyCount "51"]
[EventDate "1995.02.04"]

1. d4 d5 2. c4 e6 3. Nf3 Nf6 4. Bg5 c6 5. Nc3 Nbd7 6. e3 Bb4 7. Qb3 Qa5 8. Rc1
Ne4 9. Bf4 Ndf6 10. Bd3 dxc4 11. Qxc4 O-O 12. O-O Bxc3 13. bxc3 Qh5 14. Be2 Qf5
15. Bd3 Qh5 16. Qa4 g5 17. Be5 g4 18. Ne1 Qh6 19. Bf4 Qh4 20. Qc2 Ng5 21. f3
Nd5 22. Qf2 Qh5 23. Qg3 f5 24. e4 Nxf4 25. fxg4 fxe4 26. gxh5 1-0

[Event "IV Weekend A"]
[Site "Ceriano Laghetto ITA"]
[Date "1995.02.??"]
[Round "6"]
[White "Kokash, Fuad"]
[Black "Gazzarri, Alberto"]
[Result "0-1"]
[WhiteElo "1855"]
[BlackElo "2210"]
[PlyCount "82"]
[EventDate "1995.02.04"]

1. e4 e5 2. Nf3 Nc6 3. Bb5 f5 4. Bxc6 dxc6 5. Nxe5 Qd4 6. Nf3 Qxe4+ 7. Qe2
Qxe2+ 8. Kxe2 Bd6 9. Re1 Ne7 10. c4 O-O 11. d4 b6 12. Kf1 Ba6 13. b3 Ng6 14.
Bd2 h6 15. Nc3 Rad8 16. Rad1 Bb4 17. Ne5 Nxe5 18. dxe5 Rxd2 19. Rxd2 Bxc3 20.
Rd7 Bxe1 21. Kxe1 f4 22. Rxc7 Rf7 23. Rxc6 Re7 24. e6 g5 25. Rd6 Kg7 26. c5 Bc8
27. cxb6 axb6 28. Rxb6 Bxe6 29. Kd2 Bd5 30. f3 g4 31. Rd6 gxf3 32. gxf3 Bxf3
33. Rd4 Re4 34. Kd3 Rxd4+ 35. Kxd4 Kf6 36. b4 Ke6 37. a4 Kd6 38. b5 Bd5 39. a5
f3 40. Ke3 Kc5 41. b6 Kb5 0-1

[Event "IV Weekend A"]
[Site "Ceriano Laghetto ITA"]
[Date "1995.02.??"]
[Round "6"]
[White "Marinescu, Marian"]
[Black "Nurkic, Sahbaz"]
[Result "1/2-1/2"]
[WhiteElo "1944"]
[BlackElo "2450"]
[PlyCount "139"]
[EventDate "1995.02.04"]

1. Nf3 g6 2. d4 Bg7 3. e3 Nf6 4. Nbd2 O-O 5. b3 d6 6. Bd3 Nc6 7. Bb2 e5 8. dxe5
Nd7 9. O-O Ndxe5 10. Nxe5 Nxe5 11. f4 Nf3+ 12. Qxf3 Bxb2 13. Rab1 Bc3 14. Ne4
Bg7 15. Nf2 f5 16. e4 fxe4 17. Bxe4 c6 18. c4 Qf6 19. Rbd1 Qxf4 20. Qxf4 Rxf4
21. Rxd6 Bf8 22. Rd8 Kg7 23. Bf3 Bc5 24. Rfd1 Bb6 25. Re8 Rf8 26. Rde1 Bc5 27.
Kf1 Bf5 28. Rxa8 Rxa8 29. Be4 Rf8 30. Bxf5 Rxf5 31. Re2 Kf6 32. Ke1 Bxf2+ 33.
Rxf2 Rxf2 34. Kxf2 Ke5 35. Ke3 h5 36. g3 g5 37. h3 a5 38. a3 h4 39. gxh4 gxh4
40. a4 b6 41. Kf3 Kd4 42. Kg4 Kc3 43. Kxh4 Kxb3 44. Kg5 Kxa4 45. h4 b5 46. cxb5
cxb5 47. h5 b4 48. h6 b3 49. h7 b2 50. h8=Q b1=Q 51. Qd4+ Qb4 52. Qa1+ Kb5 53.
Qf1+ Ka4 54. Qa1+ Kb3 55. Qb1+ Kc3 56. Qc1+ Kd3 57. Qf1+ Kc2 58. Qf5+ Kb2 59.
Qe5+ Qc3 60. Qe2+ Kc1 61. Qf1+ Kd2 62. Qf2+ Kd1 63. Qf1+ Qe1 64. Qf3+ Qe2 65.
Qh1+ Qe1 66. Qf3+ Kc2 67. Qc6+ Kb2 68. Qb5+ Qb4 69. Qe2+ Ka3 70. Qd3+ 1/2-1/2

[Event "IV Weekend A"]
[Site "Ceriano Laghetto ITA"]
[Date "1995.02.??"]
[Round "7"]
[White "Bellini, Fabio"]
[Black "Agostani, Andrea"]
[Result "1-0"]
[WhiteElo "2350"]
[BlackElo "1954"]
[PlyCount "55"]
[EventDate "1995.02.04"]

1. e4 g6 2. d4 Bg7 3. Nc3 d6 4. f4 Nf6 5. Nf3 c5 6. dxc5 Qa5 7. Bd3 Qxc5 8. Qe2
O-O 9. Be3 Qa5 10. O-O Bg4 11. h3 Bxf3 12. Qxf3 Nc6 13. a3 a6 14. Kh1 Rac8 15.
Rad1 Qc7 16. Nd5 Nxd5 17. exd5 Nb8 18. c3 Nd7 19. h4 e5 20. dxe6 fxe6 21. h5
gxh5 22. Qxh5 Nf6 23. Qh3 Qf7 24. g4 Rfe8 25. g5 Nd5 26. Bxh7+ Kf8 27. f5 Ke7
28. fxe6 1-0

[Event "IV Weekend A"]
[Site "Ceriano Laghetto ITA"]
[Date "1995.02.??"]
[Round "7"]
[White "Caloni, Ugo"]
[Black "Marinescu, Marian"]
[Result "0-1"]
[WhiteElo "1902"]
[BlackElo "1944"]
[PlyCount "92"]
[EventDate "1995.02.04"]

1. d4 Nf6 2. c4 c5 3. d5 d6 4. Nc3 g6 5. e4 Bg7 6. f4 O-O 7. Nf3 e6 8. Be2 exd5
9. cxd5 a6 10. a4 Re8 11. Qc2 Nxe4 12. Nxe4 Bf5 13. Nfd2 Qe7 14. Bf3 Bxe4 15.
Qxe4 Qd8 16. O-O Rxe4 17. Nxe4 Bd4+ 18. Kh1 Qc7 19. Re1 Nd7 20. Nd2 Nf6 21. Nc4
Re8 22. Rxe8+ Nxe8 23. a5 Qd7 24. Bd2 Qb5 25. Be2 Nf6 26. Re1 Ne4 27. g3 Qd7
28. Kg2 Nf2 29. Be3 Bxe3 30. Nxe3 Ne4 31. Nc4 Qa4 32. Bd3 Nf6 33. Nxd6 Qd7 34.
Ne4 Qxd5 35. Re2 Kg7 36. Bc2 c4 37. h3 Qxa5 38. Ng5 Qd5+ 39. Nf3 b5 40. g4 b4
41. Ba4 Ne4 42. Be8 a5 43. Re3 Nd2 44. Ba4 Nxf3 45. Rxf3 c3 46. bxc3 Qa2+ 0-1

[Event "IV Weekend A"]
[Site "Ceriano Laghetto ITA"]
[Date "1995.02.??"]
[Round "7"]
[White "Gazzarri, Alberto"]
[Black "Cappello, Guido"]
[Result "0-1"]
[WhiteElo "2210"]
[BlackElo "2235"]
[PlyCount "82"]
[EventDate "1995.02.04"]

1. e4 e6 2. d4 d5 3. e5 c5 4. c3 Ne7 5. Na3 Bd7 6. Nf3 c4 7. Be2 Nf5 8. Nc2 h5
9. Ne3 Be7 10. Nxf5 exf5 11. h4 b5 12. Bg5 a5 13. Bxe7 Qxe7 14. Ng5 Ra6 15. f4
Kf8 16. g3 g6 17. O-O Kg7 18. Re1 Rb6 19. Bf3 Be6 20. Qc2 Na6 21. Rab1 Qd7 22.
Rec1 b4 23. a3 Rhb8 24. axb4 axb4 25. Ra1 Qb7 26. Qa4 Nc7 27. Qa5 Ra8 28. Qc5
Na6 29. Qa5 Rb5 30. Qa4 bxc3 31. bxc3 Nc7 32. Qd1 Rxa1 33. Rxa1 Rb3 34. Qc1 Nb5
35. Qf1 Qb6 36. Qe1 Nxc3 37. Kg2 Qxd4 38. Kh3 Rb2 39. Rc1 Ne4 40. Qa5 Nxg5+ 41.
hxg5 Qf2 0-1

[Event "IV Weekend A"]
[Site "Ceriano Laghetto ITA"]
[Date "1995.02.??"]
[Round "7"]
[White "Piantoni, Roberto"]
[Black "Kokash, Fuad"]
[Result "1-0"]
[WhiteElo "2067"]
[BlackElo "1855"]
[PlyCount "89"]
[EventDate "1995.02.04"]

1. d4 d5 2. Nf3 Nf6 3. e3 Bg4 4. c4 e6 5. Qb3 Bxf3 6. gxf3 b6 7. Nc3 c6 8. Bd2
Be7 9. Rg1 O-O 10. O-O-O dxc4 11. Bxc4 b5 12. Bd3 a5 13. Bb1 a4 14. Qc2 g6 15.
e4 Qxd4 16. Bh6 Qe5 17. f4 Qh5 18. Bxf8 Kxf8 19. e5 Nd5 20. Nxd5 exd5 21. Qd2
Nd7 22. Rge1 Nc5 23. Bc2 Ne6 24. Kb1 Qxh2 25. Rh1 Qxf4 26. Qxf4 Nxf4 27. Rxh7
Kg8 28. Rdh1 Nh5 29. Bxg6 fxg6 30. Rxe7 c5 31. Rd7 d4 32. Rc1 c4 33. Rxd4 Kf7
34. Rg1 Ke6 35. Rxg6+ Kxe5 36. Rh4 Nf4 37. Rg5+ Ke4 38. Rxb5 a3 39. Rb4 Kf3 40.
Rxc4 Ng2 41. Rh3+ Kxf2 42. Rc2+ Kg1 43. Rg3 Rf8 44. Rgxg2+ Kh1 45. Rgf2 1-0

[Event "IV Weekend A"]
[Site "Ceriano Laghetto ITA"]
[Date "1995.02.??"]
[Round "7"]
[White "Rossi, Giampiero"]
[Black "Nurkic, Sahbaz"]
[Result "0-1"]
[WhiteElo "2145"]
[BlackElo "2450"]
[PlyCount "52"]
[EventDate "1995.02.04"]

1. d4 c5 2. dxc5 e6 3. c4 Bxc5 4. Nc3 Nf6 5. Nf3 Nc6 6. a3 a5 7. Bg5 h6 8. Bh4
a4 9. Nxa4 Qa5+ 10. Nc3 Ne4 11. Qc2 f5 12. e3 Nxc3 13. bxc3 O-O 14. Be2 e5 15.
O-O d6 16. Rfb1 Qc7 17. Qd2 g5 18. Nxg5 hxg5 19. Bxg5 Be6 20. g3 Qg7 21. h4 f4
22. exf4 exf4 23. Bxf4 Rxf4 24. Qxf4 Rf8 25. Qg5 Qxg5 26. hxg5 Rxf2 0-1

[Event "IV Weekend A"]
[Site "Ceriano Laghetto ITA"]
[Date "1995.02.??"]
[Round "8"]
[White "Barlocco, Carlo"]
[Black "Agostani, Andrea"]
[Result "1-0"]
[WhiteElo "2235"]
[BlackElo "1954"]
[PlyCount "95"]
[EventDate "1995.02.04"]

1. d4 Nf6 2. Nf3 g6 3. Bg5 Bg7 4. e3 c5 5. c3 b6 6. Be2 O-O 7. O-O Ne4 8. Bh4
Kh8 9. a4 a6 10. b4 d6 11. Qb3 Qc7 12. Nbd2 Nxd2 13. Nxd2 e5 14. bxc5 bxc5 15.
d5 a5 16. Rab1 Nd7 17. Bb5 Rb8 18. c4 f5 19. e4 fxe4 20. Rbe1 Nf6 21. Bxf6 Rxf6
22. Nxe4 Rf4 23. Qc3 h6 24. f3 Rf7 25. g4 Qd8 26. Kg2 Rf4 27. Kg3 Kh7 28. h3
Bf8 29. Rb1 Bg7 30. Rfd1 Qc7 31. Qd3 Rf8 32. h4 Kg8 33. Rg1 Rb7 34. Rb2 Qd8 35.
Rbg2 Rf4 36. Ba6 Rbf7 37. Bxc8 Rxf3+ 38. Qxf3 Rxf3+ 39. Kxf3 Qxc8 40. Rf2 Bf8
41. Rb2 Be7 42. Kg3 Qf8 43. Rf2 Qb8 44. Rgf1 Qb3+ 45. Rf3 Qxa4 46. Rb1 Qd7 47.
Rbf1 h5 48. Rf8+ 1-0

[Event "IV Weekend A"]
[Site "Ceriano Laghetto ITA"]
[Date "1995.02.??"]
[Round "8"]
[White "Cappello, Guido"]
[Black "Kokash, Fuad"]
[Result "1-0"]
[WhiteElo "2235"]
[BlackElo "1855"]
[PlyCount "63"]
[EventDate "1995.02.04"]

1. e4 e6 2. d4 d5 3. Nd2 c5 4. exd5 exd5 5. Ngf3 Qb6 6. Be2 cxd4 7. O-O Nc6 8.
Nb3 Bc5 9. c3 Nf6 10. Nxc5 Qxc5 11. Nxd4 O-O 12. Be3 Qe7 13. b4 Ne5 14. Nf3 Rd8
15. Nxe5 Qxe5 16. Bd4 Qg5 17. f4 Qg6 18. Rf3 Ne4 19. Re3 Bf5 20. Bd3 Nf6 21.
Rg3 Ng4 22. Bxf5 Qxf5 23. Qxg4 Qxg4 24. Rxg4 g6 25. f5 a5 26. fxg6 fxg6 27.
bxa5 Rdc8 28. Rf1 Rxa5 29. Rgf4 Rxa2 30. Rf7 Rca8 31. Rg7+ Kh8 32. Rxg6# 1-0

[Event "IV Weekend A"]
[Site "Ceriano Laghetto ITA"]
[Date "1995.02.??"]
[Round "8"]
[White "Gazzarri, Alberto"]
[Black "Duarte, Riccardo"]
[Result "1-0"]
[WhiteElo "2210"]
[BlackElo "2030"]
[PlyCount "61"]
[EventDate "1995.02.04"]

1. e4 e5 2. Nf3 Nc6 3. d4 exd4 4. Bc4 Bb4+ 5. c3 dxc3 6. bxc3 Ba5 7. O-O h6 8.
e5 Nge7 9. Qe2 O-O 10. Rd1 Qe8 11. Ba3 Nd8 12. Qd3 Ne6 13. Nbd2 f5 14. exf6
Rxf6 15. Ne4 Rg6 16. Ne5 Kh8 17. Bxe7 Rxg2+ 18. Kh1 Qxe7 19. Qf3 Rg5 20. Nf7+
Kh7 21. Nexg5+ hxg5 22. Nxg5+ Qxg5 23. Rd5 Qe7 24. Bd3+ Kg8 25. Rxa5 Rb8 26.
Bc4 Kh8 27. Rf5 Kh7 28. Bd3 Kg8 29. Bc4 Kh7 30. Rf7 Qe8 31. Qf5+ 1-0

[Event "IV Weekend A"]
[Site "Ceriano Laghetto ITA"]
[Date "1995.02.??"]
[Round "8"]
[White "Marinescu, Marian"]
[Black "Bellini, Fabio"]
[Result "0-1"]
[WhiteElo "1944"]
[BlackElo "2350"]
[PlyCount "54"]
[EventDate "1995.02.04"]

1. Nf3 d5 2. d4 Nf6 3. Nbd2 c6 4. h3 Bf5 5. e3 e6 6. Bd3 Bxd3 7. cxd3 Be7 8.
O-O O-O 9. b3 a5 10. a4 Na6 11. Nb1 Nb4 12. Nc3 Qb6 13. Ba3 Rac8 14. Rc1 Rc7
15. Kh1 Rfc8 16. Bb2 Qa6 17. Ne1 Ne8 18. f4 Bh4 19. Nf3 Bf6 20. Ne1 Nd6 21. Qd2
c5 22. Ne2 c4 23. Nc3 cxd3 24. Nf3 Ne4 25. Nxe4 dxe4 26. Ne5 Bxe5 27. fxe5 Rc2
0-1

[Event "IV Weekend A"]
[Site "Ceriano Laghetto ITA"]
[Date "1995.02.??"]
[Round "8"]
[White "Rossi, Giampiero"]
[Black "Caloni, Ugo"]
[Result "0-1"]
[WhiteElo "2145"]
[BlackElo "1902"]
[PlyCount "64"]
[EventDate "1995.02.04"]

1. d4 Nf6 2. c4 g6 3. g3 Bg7 4. Bg2 O-O 5. Nc3 d6 6. Nf3 Nbd7 7. O-O c5 8. h3
Rb8 9. Be3 Qa5 10. Qd2 Re8 11. Rfd1 a6 12. Rac1 b5 13. cxb5 axb5 14. b3 c4 15.
Ne4 Qa6 16. Nc3 b4 17. Na4 c3 18. Qc2 Nb6 19. Nxb6 Bf5 20. Rd3 Bxd3 21. exd3
Rxb6 22. Ne1 d5 23. Qb1 Ra8 24. Rc2 e6 25. Bf1 Ne8 26. a4 bxa3 27. Rxc3 a2 28.
Qa1 Rc6 29. Rxc6 Qxc6 30. Be2 Nd6 31. Bd1 Nb5 32. Nc2 Qc3 0-1

[Event "IV Weekend C"]
[Site "Ceriano Laghetto ITA"]
[Date "1995.02.??"]
[Round "8"]
[White "Ferraris, Fulvio"]
[Black "Riboldi, Raffaele"]
[Result "0-1"]
[WhiteElo "1636"]
[BlackElo "1636"]
[PlyCount "68"]
[EventDate "1995.02.04"]

1. d4 Nf6 2. c4 e6 3. Nc3 Bb4 4. Qc2 c5 5. e3 Nc6 6. Nf3 cxd4 7. exd4 d5 8. a3
Be7 9. c5 O-O 10. h4 h6 11. b4 a6 12. Bd3 Re8 13. Bf4 Bf8 14. Ne2 Ng4 15. Ne5
Ngxe5 16. dxe5 f5 17. exf6 Qxf6 18. Rd1 e5 19. Bg6 exf4 20. Bxe8 Bf5 21. Qb3
Rxe8 22. Qxd5+ Kh8 23. Kf1 Rd8 24. Qb3 Be6 25. Qb1 f3 26. Ng3 fxg2+ 27. Kxg2
Bd5+ 28. Rxd5 Rxd5 29. Qa2 Rd4 30. h5 Ne5 31. Rh3 Qf3+ 32. Kh2 Ng4+ 33. Kg1
Rd1+ 34. Nf1 Qxh3 0-1

[Event "Open"]
[Site "Ischia ITA"]
[Date "1995.06.??"]
[Round "?"]
[White "Godena, Michele"]
[Black "Tassi, Oliviero"]
[Result "1-0"]
[WhiteElo "2430"]
[BlackElo "2305"]
[PlyCount "33"]
[EventDate "1995.06.03"]

1. e4 c5 2. c3 d5 3. exd5 Qxd5 4. d4 cxd4 5. cxd4 Nc6 6. Nf3 e5 7. Nc3 Bb4 8.
Bd2 Bxc3 9. Bxc3 e4 10. Ne5 Nxe5 11. dxe5 Ne7 12. Qe2 a6 13. Rd1 Qc6 14. Rd6
Qa4 15. b3 Qa3 16. Qd2 Nc6 17. Rxc6 1-0

[Event "Open"]
[Site "Ischia ITA"]
[Date "1995.06.??"]
[Round "?"]
[White "Naumkin, Igor"]
[Black "Smirin, Ilia"]
[Result "0-1"]
[WhiteElo "2500"]
[BlackElo "2630"]
[PlyCount "94"]
[EventDate "1995.06.03"]

1. d4 Nf6 2. c4 g6 3. Nc3 Bg7 4. e4 d6 5. Nf3 O-O 6. Be2 Na6 7. O-O e5 8. d5
Nc5 9. Qc2 a5 10. Bg5 h6 11. Be3 b6 12. Nd2 Bg4 13. f3 Bd7 14. b3 Nh5 15. Rfe1
Bf6 16. Bxh6 Bg5 17. Bxg5 Qxg5 18. Nf1 f5 19. exf5 gxf5 20. a3 a4 21. b4 Nb3
22. Ra2 Rf7 23. g3 Kh8 24. Bd1 Rg8 25. Qb1 Qh4 26. Bxb3 axb3 27. Rg2 Qd4+ 28.
Re3 f4 29. Ne2 Qxc4 30. gxf4 Rxg2+ 31. Kxg2 exf4 32. Re4 Qxd5 33. Kf2 Qg5 34.
Ke1 Nf6 35. Qb2 Kg8 36. Rxf4 Bb5 37. Nfg3 Bxe2 38. Nxe2 Re7 39. Qxb3+ Kg7 40.
Rc4 Qg1+ 41. Kd2 Qxh2 42. Qd3 c5 43. Rc1 Kf7 44. bxc5 bxc5 45. a4 Re5 46. Qb5
Qf2 47. Rc3 d5 0-1

[Event "Open"]
[Site "Ischia ITA"]
[Date "1995.06.??"]
[Round "?"]
[White "Oberrauch, Martin"]
[Black "Tatai, Stefano"]
[Result "0-1"]
[WhiteElo "1812"]
[BlackElo "2430"]
[PlyCount "68"]
[EventDate "1995.06.03"]

1. Nf3 d5 2. g3 c5 3. Bg2 Nc6 4. d3 Nf6 5. O-O g6 6. b3 Bg7 7. Bb2 O-O 8. Nbd2
d4 9. Nc4 Nd5 10. Qc1 b5 11. e4 Nc3 12. Bxc3 bxc4 13. Bd2 c3 14. Bh6 e5 15.
Bxg7 Kxg7 16. a3 a5 17. a4 Qe7 18. Nh4 Ra6 19. Qe1 Nb4 20. Qe2 Rb6 21. f4 exf4
22. Rxf4 Nd5 23. Rf2 Ne3 24. Bf3 g5 25. Nf5+ Bxf5 26. exf5 Nxf5 27. Qxe7 Nxe7
28. Re1 Re6 29. Rxe6 fxe6 30. Be4 Rxf2 31. Kxf2 Nf5 32. Bxf5 exf5 33. Kf3 Kf6
34. h3 h6 0-1

[Event "Open"]
[Site "Ischia ITA"]
[Date "1995.06.??"]
[Round "?"]
[White "Sheldon, Ruth"]
[Black "Zelcic, Robert"]
[Result "1-0"]
[WhiteElo "2155"]
[BlackElo "2500"]
[PlyCount "85"]
[EventDate "1995.06.03"]

1. d4 c5 2. d5 e6 3. c4 exd5 4. cxd5 d6 5. Nc3 g6 6. Nf3 Bg7 7. Bg5 Nf6 8. Nd2
O-O 9. e4 h6 10. Bh4 Nbd7 11. Be2 Qe7 12. O-O a6 13. a4 g5 14. Bg3 Ne5 15. Re1
Nfd7 16. Qc2 Ng6 17. Nd1 Nf4 18. Ne3 Ne5 19. Ndc4 Bd7 20. Nb6 Rae8 21. Nxd7
Nxd7 22. Bg4 Nf6 23. Bf3 b5 24. axb5 axb5 25. h3 Qe5 26. Ra5 Rb8 27. Qb1 Rfe8
28. Nf5 h5 29. Qc1 N6xd5 30. Rd1 h4 31. Rxd5 hxg3 32. Rxe5 gxf2+ 33. Kf1 Bxe5
34. Qd2 c4 35. Ra7 Ra8 36. Qxf2 Ne6 37. Ne7+ Kf8 38. Nc6 Nf4 39. Nxe5 dxe5 40.
Qc5+ Kg8 41. Qxb5 Rxa7 42. Qxe8+ Kh7 43. Be2 1-0

[Event "Open"]
[Site "Ischia ITA"]
[Date "1995.06.??"]
[Round "1"]
[White "Tatai, Stefano"]
[Black "Gaggiottini, Manfredo"]
[Result "1-0"]
[WhiteElo "2430"]
[BlackElo "2095"]
[PlyCount "33"]
[EventDate "1995.06.03"]

1. e4 g6 2. d4 Bg7 3. Nc3 c6 4. Bc4 d6 5. Qf3 e6 6. Be3 Nd7 7. Nge2 Nb6 8. Bb3
Qf6 9. Qg3 Qe7 10. h4 Nf6 11. h5 Rg8 12. hxg6 hxg6 13. Bg5 Qf8 14. e5 Nh5 15.
Qd3 f6 16. Qxg6+ Kd7 17. Rxh5 1-0

[Event "Open"]
[Site "Ischia ITA"]
[Date "1995.06.??"]
[Round "2"]
[White "Gaggiottini, Manfredo"]
[Black "Martorelli, Antonio"]
[Result "0-1"]
[WhiteElo "2095"]
[BlackElo "2255"]
[PlyCount "64"]
[EventDate "1995.06.03"]

1. e4 c5 2. Nf3 e6 3. c3 Nf6 4. Bd3 Nc6 5. Qe2 Be7 6. O-O d6 7. b3 O-O 8. Bc2
Bd7 9. d3 b5 10. Bb2 a5 11. Nbd2 Qc7 12. Rac1 Qb7 13. Rfe1 a4 14. Nf1 axb3 15.
axb3 b4 16. d4 bxc3 17. Bxc3 cxd4 18. Nxd4 Nxd4 19. Bxd4 e5 20. Be3 Ra2 21. Bg5
Be6 22. Qd3 Rc8 23. Ne3 Qb4 24. Bxf6 Bxf6 25. Red1 Bg5 26. Bb1 Rxc1 27. Rxc1
Rd2 28. Qa6 g6 29. Nc4 Rd4 30. Rf1 Qxb3 31. Nxd6 Rd1 32. h3 Qxb1 0-1